000 00921nam a2200277 i 4500
003 DO-SdBNP
005 20251007104344.0
007 ta
008 240715b2015 dr ||||| |||| 00| 0 spa d
020 _a97899454586435
040 _aDO-SdBNP
_bspa
_cBNPHU
_erda
041 _aspa
082 4 _axxx
_bxxx
_222
245 0 0 _aDocumentos para la historia colonial de la República Dominicana /
_ccompilación e introducción, Gerardo Cabrera Prieto
264 4 _aSanto Domingo :
_bArchivo General de la Nación,
_c©2015.
300 _a384 páginas ;
_c23 cm.
336 _atexto
_btxt
_2rdacontent
337 _asin mediación
_bn
_2rdamedia
338 _avolumen
_bnc
_2rdacarrier
490 1 _aArchivo General de la Nación,
_v246
500 _aIncluye índice onomástico
590 _aInventariado, 2024/BT
700 1 _aCabrera Prieto, Gerardo,
_ecompilador
_4comp.
_943439
910 _aBtavárez
942 _2ddc
_cLBS1
999 _c57297
_d57297